000 00212 a2200097 4500
001 11817
100 _aSalisbury, H
245 _aStalin's Russia and Affer
260 _a
_bMacmillan & Co
_c
090 _c9073
_d9073
942 _aNUST-CAE
_cM
_c35904
999 _c246890
_d246890